| 000 | 00469nac a22001331u 4500 | ||
|---|---|---|---|
| 008 | 080914s2002 xxu||||| |||| 00| 0 ara d | ||
| 020 | _a9770907995 | ||
| 082 |
_a327.0956 _bف ق ى |
||
| 245 |
_aالعرب الأصل والصورة / _cمصطفي الفقى |
||
| 260 |
_aالقاهرة : _bدار الشروق ، 2002 _c2002. |
||
| 300 |
_a317 ص ؛ _c25 سم. |
||
| 651 |
_915286 _aالعالم العربي _xعلاقات خارجية |
||
| 942 |
_cBB _k327.0956ف ق ى _2ddc |
||
| 999 |
_c3755 _d3755 |
||